Buď fit! : Cvičenia na získanie pevnej postavy. Z nem.orig

Salvato in:
Dettagli Bibliografici
Autore principale: Regelinová, Petra (Autore)
Natura: Libro
Lingua:slovacco
Pubblicazione: Bratislava : IKAR, 2003
Tags: Aggiungi Tag
Nessun Tag, puoi essere il primo ad aggiungerne!!

MARC

LEADER 00000nam a22000003a 4500
001 stu82001
005 20150617225637.5
008 031003s2003----xo------------------slo-d
020 |a 80-551-0512-X 
040 |a STU  |b slo 
041 0 |a slo 
044 |a xo 
080 |a 796.03 
100 1 |a Regelinová, Petra  |4 aut 
245 1 |a Buď fit! :  |b Cvičenia na získanie pevnej postavy. Z nem.orig 
260 |a Bratislava :  |b IKAR,  |c 2003 
300 |a 94 s. Obr.,register 
996 |b C97055  |c C*97055  |l CCXXI  |s P  |a 0  |w stu82001_0001